Arithmetic complexity of computations

Αποθηκεύτηκε σε:
Λεπτομέρειες βιβλιογραφικής εγγραφής
Κύριος συγγραφέας: Winograd, S.
Μορφή: Βιβλίο
Γλώσσα:English
Δημοσίευση: Philadelphia, Pa. : Society for Industrial and Applied Mathematics, 1980
Σειρά:CBMS-NSF regional conference series in applied mathematics ; ; 33
Θέματα:
Ετικέτες: Προσθήκη ετικέτας
Δεν υπάρχουν, Καταχωρήστε ετικέτα πρώτοι!

MARC

LEADER 00000nam a2200000 i 4500
001 1/17259
008 120111s1980 eng d
020 |a 0-89871-163-0 
035 |l 10111646 
040 |a GR-MY-UA  |b gre  |e aacr 
041 0 |a eng 
082 0 |a 512.944  |2 (22) 
100 1 |a Winograd, S. 
245 1 0 |a Arithmetic complexity of computations /  |c Shmuel Winograd 
260 |a Philadelphia, Pa. :   |b Society for Industrial and Applied Mathematics,   |c 1980 
300 |a 93 σ.;  |c 25 εκ. 
490 1 |a CBMS-NSF regional conference series in applied mathematics  |v ; 33 
500 |a "Based on lectures given by the author at the University of Pittsburgh." 
504 |a Βιβλιογραφία σ.93 
650 0 0 |a Bilinear forms  |x Data processing. 
650 0 0 |a Computational complexity. 
830 0 |a CBMS-NSF regional conference series in applied mathematics ;  |v ; 33 
852 |a INST  |b SAMOS  |e 20120111  |h 512.944 WIN  |p 005300034104  |q 005300034104  |t BK  |y 0 
901 |a BIBL3-2012-1 
909 |a Σ  |b 171998 
922 |a 3ΕΛΗ  |b 201112  |c ΤΜΗΜΑ ΜΑΘΗΜΑΤΙΚΩΝ/ΜΕΤΑΠΤΥΧΙΑΚΟ  |d ΔΙΑΔΡΟΜΕΣ 
970 |a ΚΟΣΙΕΡΗΣ  |b ΧΡΗΣΤΟΣ  |z 2012/01/11